000 00425nam a2200169Ia 4500
005 20250508150221.0
008 008 250505s9999 xx 000 0 eng d
037 _aTextual
040 _aFEDL
_beng
_cFEDL
041 _aeng
_2eng
084 _a954, NEH
_qFEDL
100 _aNehru Jawaharlal
245 0 _aDiscovery of India
300 _aviii,498p.
942 _cTEXL
_h954, NEH
999 _c1322447
_d1322447